Observación y práctica docente I

Guardat en:
Dades bibliogràfiques
Autor corporatiu: Secretaría de Educación Pública (Autor), SEP (Autor)
Format: Llibre
Idioma:espanyol
Publicat: Ciudad de México SEP 2000
Col·lecció:Programa y Materiales de Apoyo para el Estudio 3er semestre
Matèries:
Etiquetes: Afegir etiqueta
Sense etiquetes, Sigues el primer a etiquetar aquest registre!

MARC

LEADER 00000nam a2200000 a 4500
001 UCN9424
003 CL-VaPUC
008 011207e20000000MX |||||||||||||||||spa|d
082 0 4 |a 372.21  |b SEC  |2 21 
110 2 |a Secretaría de Educación Pública  |e author  |9 466041 
710 2 |a SEP  |e author  |9 466042 
245 1 0 |a Observación y práctica docente I 
300 |a 48 p 
942 |c BK 
945 |d 20011207 00:00:00  |a cmena 
260 |a Ciudad de México  |b SEP  |c 2000 
500 |a Programa para la Transformación y el Fortalecimiento Académicos de las Escuelas Normales 
500 |a Licenciatura en Educación Primaria 
650 0 |a Educación básica   |9 224933 
650 7 |a FORMACION PROFESIONAL DE DOCENTE  |2 CL-VaPUC  |9 435047 
650 0 |a Planificación de la educación   |9 307333 
583 |a last modification  |c 20011207 00:00:00  |k Rodrigo Vera 
490 0 |a Programa y Materiales de Apoyo para el Estudio 3er semestre 
999 |c 298856  |d 298854 
952 |0 0  |1 0  |4 0  |6 372_210000000000000_SEC_2000  |7 0  |8 A  |9 354825  |a BIBEDU  |b BIBEDU  |d 2019-11-21  |i 378133K  |l 1  |m 1  |o 372.21 SEC 2000  |p 378133K  |r 2022-12-22  |s 2021-07-06  |w 2019-11-21  |y BK  |k BME